Nuevas minas de guerra y su aplicación a la defensa como consecuencia de un reciente descubrimiento para emplear la electricidad en la voladura de los hornillos / (Record no. 167231)

MARC details
000 -LEADER
campo de control de longitud fija 00736nam a22001695i 4500
001 - NÚMERO DE CONTROL
campo de control 167231
003 - IDENTIFICADOR DE NÚMERO DE CONTROL
campo de control ES-MaACL
005 - FECHA Y HORA DE LA ÚLTIMA TRANSACCIÓN
campo de control 20230906213500.0
008 - DATOS DE LONGITUD FIJA--INFORMACIÓN GENERAL
campo de control de longitud fija 000104s1854 sp |||| | spa d
100 1# - ENTRADA PRINCIPAL--NOMBRE DE PERSONA
Nombre de persona Verdú, Gregorio.
9 (RLIN) 133636
245 10 - MENCIÓN DEL TÍTULO
Título Nuevas minas de guerra y su aplicación a la defensa como consecuencia de un reciente descubrimiento para emplear la electricidad en la voladura de los hornillos /
Mención de responsabilidad, etc. por Gregorio Verdú.
260 ## - PUBLICACIÓN, DISTRIBUCIÓN, ETC.
Lugar de publicación, distribución, etc. Madrid :
Nombre del editor, distribuidor, etc. [s.n.],
Fecha de publicación, distribución, etc. 1854 (
Fabricante Aguado, imp. de Cámara de S.M. y de su Real Casa)
300 ## - DESCRIPCIÓN FÍSICA
Extensión 79 p. ;
Dimensiones 26 cm.
650 #4 - PUNTO DE ACCESO ADICIONAL DE MATERIA--TÉRMINO DE MATERIA
Término de materia o nombre geográfico como elemento de entrada Minas militares.
9 (RLIN) 136499
650 #4 - PUNTO DE ACCESO ADICIONAL DE MATERIA--TÉRMINO DE MATERIA
Término de materia o nombre geográfico como elemento de entrada Explosivos.
9 (RLIN) 136078
852 4# - LOCALIZACIÓN
Ubicación ES-MaACL
Número de control de estantería T-45-F-2
Nota libre - Enc. hol., falto de cub. original
-- - Enc. en un vol. facticio
Holdings
Estatus retirado Estado de pérdida Estado de daño No para préstamo Colección Biblioteca de origen Biblioteca actual Ubicación en estantería Fecha de adquisición Total de préstamos Signatura topográfica completa Código de barras Visto por última vez Precio de reemplazo Tipo de ítem Koha
        Colección de folletos Biblioteca del Ateneo de Madrid Biblioteca del Ateneo de Madrid Depósito folletos 17/01/2008   T-45-F-2 1175430 23/02/2023 23/02/2023 Folleto